| 000 | 03237nam0a2200397 4500 | ||
|---|---|---|---|
| 001 | RU\NLR\BIBL_A\016235110 | ||
| 005 | 20230206160027.0 | ||
| 010 |
_a978-5-906731-91-3 _9150 |
||
| 021 |
_aRU _bКН-П-22-081593 _9КН-П-22-7165 |
||
| 035 | _a(NLR Aleph) 016235110 | ||
| 035 | _a(RuMoRGB)011388187 | ||
| 090 |
_a12779392 _c12779392 |
||
| 100 | _a20221212d2022 u y0rusy50 ca | ||
| 101 | 0 | _arus | |
| 102 | _aRU | ||
| 105 | _aa z 000zy | ||
| 181 | 0 |
_ai3 _baxxe |
|
| 182 | 1 | _an | |
| 200 | 1 |
_aСовременные подходы к охране здоровья работников Государственной корпорации _eмонография _fАксенова Е. И., Ахаев Д. Н., Зольникова О. Ю. [и др.] _gпод редакцией С. В. Чемезова _gРостех |
|
| 203 |
_aТекст _bвизуальный _cнепосредственный |
||
| 210 |
_aМосква _c[б. и.] _d2022 |
||
| 215 |
_a174 с. _cцв. ил., табл. _d26 |
||
| 320 | _aБиблиогр. в конце разделов | ||
| 330 | _aВ монографии отражены современные подходы к созданию системы охраны здоровья работников Государственной корпорации с использованием модельных программ благополучия работников, основанных на современных достижениях медицинской науки и практики. Показана важная роль программ укрепления здоровья работников в тесной связи с персонализированной медициной, которая на базе современных биомедицинских технологий позволяет создавать метаболомный паспорт работника, служащего инструментом скрининга, ранней диагностики заболеваний и контроля эффективности проводимой терапии. Издание рассчитано на специалистов в области медицины труда, восстановительной медицины, организаторов общественного здоровья и здравоохранения и клинико-лабораторной диагностики | ||
| 606 | 1 |
_aКорпорации _xКадры _xМедико-санитарное обслуживание _92538439 _3RU\NLR\AUTH\6601716585 |
|
| 675 |
_a613.6:334.75 _v4 |
||
| 686 | 1 | _aР11(2)71 | |
| 701 | 1 |
_7ca _8rus _aАксенова _bЕ. И. _gЕлена Ивановна _957290 _3RU\NLR\AUTH\7774362 |
|
| 701 | 1 |
_aАхаев _bД. Н. |
|
| 701 | 1 |
_aЗольникова _bО. Ю. _gОксана Юрьевна |
|
| 702 | 1 |
_4340 _aЧемезов _bС. В. _gСергей Всеволодович _9144140 _3RU\NLR\AUTH\770144176 |
|
| 712 | 1 | 2 |
_a"Ростех", государственная корпорация _4220 |
| 942 | _cBOOK | ||
| 980 | _aNB | ||